000 00630nam a2200229Ia 4500
003 OSt
005 20221005131805.0
006 a|||||r|||| 00| 0
007 ta
008 221004b |||||||| |||| 00| 0 ben d
020 _c150
024 _a117187
037 _bM/2009/17, 14/03/2009, Mukta Dhara
_cTextual
040 _aCRL
_cCRL
_bben
041 _2ben
_aben
082 _aO157,3N151x, P2
100 _aGangopadhyay Narayan
245 0 _aSundar jalan
260 _c2002
942 _hO157,3N151x, P2
_cTEXL
_2cc
999 _c1061409
_d1061409